Joueurs français ayant joué à Tottenham - Statistiques

Statistiques générales
  • Ce quiz a été pris 75 fois
  • Le résultat moyen est 7 sur 18
Statistiques - réponses
Année d'arrivée Année de départ Club précédant Club suivant Nombre de match Joueurs % Correct
2025 2026 Paris Saint-Germain Paris Saint-Germain 37 Randal Kolo Muani
94%
2012 2024 Olympique Lyonnais Los Angeles FC 447 Hugo Lloris
92%
2025 En cours Bayern Munich En cours 54 Mathys Tel
87%
2019 2023 Olympique Lyonnais Galatasaray 91 Tanguy Ndombélé
79%
2022 2023 FC Barcelone FC Barcelone 35 Clément Lenglet
68%
2016 2021 Newcastle United FC Watford 202 Moussa Sissoko
63%
2024 En cours Burnley FC En cours 54 Wilson Odobert
51%
2014 2015 Montpellier Hérault SC Paris Saint-Germain 25 Benjamin Stambouli
31%
1997 2000 Newcastle United Aston Villa 127 David Ginola
31%
2010 2013 Arsenal FC Sans club 78 William Gallas
30%
2013 2015 Toulouse FC FC Watford 36 Etienne Capoue
25%
2007 20015 AJ Auxerre AFC Sunderland 140 Younès Kaboul
14%
2006 2008 FC Fulham AFC Sunderland 96 Steed Malbranque
11%
2012 2012 FC Everton AFC Sunderland 12 Louis Saha
8%
2003 2004 Inter Milan Inter Milan 28 Stéphane Dalmat
4%
2006 2010 LOSC Lille U19 Villarreal CF B 1 Dorian Dervite
1%
2004 2006 OGC Nice FC Portsmouth 30 Noé Pamarot
0%
1999 2002 Le Mans UC U19 RC Strasbourg 0 Yannick Kamanan
0%
Aucun quiz correspondant
Distribution des résultats
% des personnes avec chaque résultat
Percentile par nombre de réponses
Votre historique - résultats
Vous n’avez pas pris ce quiz